Management of the private keys in the blockchain

Na minha lista:
Detalhes bibliográficos
Autor principal: Prisenžňák, Adam (Author)
Outros Autores: Valaštín, Viktor (Thesis advisor)
Formato: Manuscrito Livro
Idioma:eslovaco
inglês
Publicado em: 2025
Assuntos:
Acesso em linha:http://is.stuba.sk/zp/portal_zp.pl?podrobnosti=184123
Tags: Adicionar Tag
Sem tags, seja o primeiro a adicionar uma tag!

MARC

LEADER 00000ntm a22000003a 4500
001 stuzp105850
003 SK-STU
005 20250607211825.5
007 ta
008 150427s2015----xo-----f-mn---000-0-slo-d
040 |a STU  |b slo 
041 0 |a eng 
100 1 |a Prisenžňák, Adam  |u 070400  |4 aut  |U FIIT Fakulta informatiky a informačných technológií  |T FIIT Ústav počítačového inžinierstva a aplikovanej informatiky  |X 110877  |U I400  |Y 672  |7 110877 
242 0 1 |a Manažment privátnych kľúčov v blockchaine  |y slo 
245 1 0 |a Management of the private keys in the blockchain 
260 |c 2025 
650 4 |a Account Abstraction  |2 eng 
650 4 |a Ethereum  |2 eng 
650 4 |a Wallet  |2 eng 
650 4 |a Blockchain  |2 eng 
650 4 |a Account Abstraction  |2 slo 
650 4 |a Blockchain  |2 slo 
650 4 |a Ethereum  |2 slo 
650 4 |a Peňaženka  |2 slo 
700 1 |a Valaštín, Viktor  |u 070400  |k Z9  |4 ths  |U FIIT Fakulta informatiky a informačných technológií  |T FIIT Ústav počítačového inžinierstva a aplikovanej informatiky  |X 86058  |U I400  |Y 672  |7 86058 
856 4 |u http://is.stuba.sk/zp/portal_zp.pl?podrobnosti=184123